000 00402nam a22001697a 4500
005 20160628123740.0
008 160628b xxu||||| |||| 00| 0 eng d
020 _a81-229-0197-2
041 _aeng
082 _b10773
100 _aFine Conrad C
_93041
245 _aBottam Line Writing
260 _bsurjeet Publications
_c2005
300 _a217
650 _aMass Communication
_92660
942 _cBK
999 _c4413
_d4412